| 000 | 00526nam a2200121Ia 4500 | ||
|---|---|---|---|
| 008 | 220620s9999||||xx |||||||||||||| ||und|| | ||
| 100 | _aTurquety, Benoît | ||
| 245 | 0 |
_aInventing Cinema _bMachines, Gestures and Media History |
|
| 546 | _aEnglish[eng] | ||
| 650 | _aFilm technology, media history, digital cinema, early cinema, media archaeology | ||
| 856 | _uhttps://library.oapen.org/bitstream/20.500.12657/49984/1/9789048550463.pdf||https://library.oapen.org/bitstream/20.500.12657/49984/1/9789048550463.pdf | ||
| 942 | _cEB | ||
| 999 |
_c33566 _d33566 |
||